LIBRARY & INFORMATION CENTRE, KCAET, TAVANUR

ONLINE PUBLIC ACCESS CATALOGUE (OPAC)

Capitalist economy / (Record no. 11415)

MARC details
000 -LEADER
fixed length control field 00378cam a2200157ua 4500
041 ## - LANGUAGE CODE
Language code of text/sound track or separate title eng
082 ## - DEWEY DECIMAL CLASSIFICATION NUMBER
Classification number 330.122
Item number VYG/CA
100 ## - MAIN ENTRY--AUTHOR NAME
Personal name Vygodsky, S .
245 ## - TITLE STATEMENT
Title Capitalist economy /
250 ## - EDITION STATEMENT
Edition statement 1 /
260 ## - PUBLICATION, DISTRIBUTION, ETC. (IMPRINT)
Place of publication Moscow :
Name of publisher Progress Publishers ,
Year of publication 1966.
300 ## - PHYSICAL DESCRIPTION
Number of Pages 181 ; .
942 ## - ADDED ENTRY ELEMENTS (KOHA)
Koha item type Books
Holdings
Withdrawn status Lost status Damaged status Home library Current library Date acquired Full call number Accession Number Koha item type
Withdrawn     KAUAET Sanskrit University 07/04/2012 330.122 12032 Books
free website counter